Una cercanía a la psicología organizacional : (Registro nro. 21654)

Detalles MARC
000 -Cabecera
Campo de control interno 01396nam a2200265Ia 4500
005 - Fecha y hora del registro
control field 20260417113348.0
008 - Elementos de Longitud Fija
fixed length control field 260320s9999||||xx |||||||||||||| ||und||
020 ## - ISBN
ISBN 9798736121298
041 ## - Idioma
Codigo Idioma ESP
082 ## - DEWEY y NOTACIÓN INTERNA
Dewey 158.7
Notación Interna U871
100 ## - AUTOR
Autor denominación Uranga, Lucrecia,
Término de relación autor
245 #0 - TÍTULO DE MATERIAL BIBLIOGRÁFICO
Título Una cercanía a la psicología organizacional :
Título paralelo ii. intervencion a la organizacion mediante talleres teóricos-prácticos
250 ## - EDICIÓN
Edición Primera edición
260 ## - CIUDAD, EDITORIAL, AÑO
Ciudad [Lugar de publicación no identificado] :
Nombre de la Editorial Kindle Direct Publishing,
Año 2021
300 ## - DESCRIPCIÓN
N° Páginas xxi, 295 páginas :
Otros detalles cuadros, gráficos ;
Dimensiones 23 cm.
650 ## - TEMAS
Temas Psicología
653 ## - DESCRIPTORES
Lenguajes no controlado Psicología organizacional; Intervención organizacional
654 ## - PROGRAMAS
Programa Dpto. de Psicología
856 ## - URL - UBICACIÓN
URI/URL: Enlace exacto del recurso <a href="https://itmsp.museknowledge.com/UCSP?url=https://www.ebooks7-24.com:443/?il=4480&pg=1">https://itmsp.museknowledge.com/UCSP?url=https://www.ebooks7-24.com:443/?il=4480&pg=1</a>
Nota pública: Versión digital <a href="Véase además: Psicología organizacional, por Fernando Zepeda Herrera, Versión digital">Véase además: Psicología organizacional, por Fernando Zepeda Herrera, Versión digital</a>
856 ## - URL - UBICACIÓN
URI/URL: Enlace exacto del recurso <a href="https://0u213wvjn-y-https-ebooks7--24-com.itmsp.museknowledge.com/biblioteca.aspx">https://0u213wvjn-y-https-ebooks7--24-com.itmsp.museknowledge.com/biblioteca.aspx</a>
Nota pública: Versión digital <a href="Véase además: Base de datos Ebook7-24">Véase además: Base de datos Ebook7-24</a>
856 ## - URL - UBICACIÓN
URI/URL: Enlace exacto del recurso <a href="https://0u20fwvjl-y-https-research-ebsco-com.itmsp.museknowledge.com/c/qxo6us/search">https://0u20fwvjl-y-https-research-ebsco-com.itmsp.museknowledge.com/c/qxo6us/search</a>
Nota pública: Versión digital <a href="Véase además: Base de datos EBSCOhost">Véase además: Base de datos EBSCOhost</a>
856 ## - URL - UBICACIÓN
URI/URL: Enlace exacto del recurso <a href="https://0u20vwvic-y-https-ebookcentral-proquest-com.itmsp.museknowledge.com/lib/catolicasp/home.action">https://0u20vwvic-y-https-ebookcentral-proquest-com.itmsp.museknowledge.com/lib/catolicasp/home.action</a>
Nota pública: Versión digital <a href="Véase además: Base de datos ProQuest Ebook Central">Véase además: Base de datos ProQuest Ebook Central</a>
942 ## - ELEMENTOS DE KOHA
Tipo de documento Libro
Nombre del creador Justo Noguera
Código de catalogador Margarita Torres
Esquema de clasificación Dewey Decimal Classification
Existencias
Codigo completo Registro Colección Copia número Disponibilidad Tipo de préstamo Biblioteca Actual Procedencia (Biblioteca) Ubicacón Fecha Ingreso Tipo de Adquisición Date last seen Total checkouts Price effective from Tipo de Item Estado del Material Fuente de Clasificación Damaged status Withdrawn status
158.7 U871 1085200 Universidad Católica San Pablo 1 Disponible Disponible Víctor Andrés Belaunde Víctor Andrés Belaunde Planta baja abierta 30/03/2026 Compra 30/03/2026   30/03/2026 Libro Bueno Dewey Decimal Classification    
158.7 U871 1085201 Universidad Católica San Pablo 2 Disponible Disponible Víctor Andrés Belaunde Víctor Andrés Belaunde Planta baja abierta 30/03/2026 Compra 30/03/2026   30/03/2026 Libro Bueno Dewey Decimal Classification